| 000 | 00000nam##2200000za#4500 |
| 001 | 9.610600 |
| 003 | CaOODSP |
| 005 | 20200401040846 |
| 007 | ta |
| 008 | 150406|1993||||xxc||||| f|0| 0 eng|d |
| 022 | |a0706-6457 |
| 040 | |aCaOODSP|beng |
| 043 | |an-cn--- |
| 086 | 1 |aFs97-6/1927E |
| 110 | 1 |aCanada. |bDepartment of Fisheries and Oceans. |
| 245 | 10|aSAS programs for fitting a seal population dynamics model / |cby Noel G. Cadigan and Peter A. Shelton. |
| 260 | |aOttawa - Ontario : |bFisheries and Oceans Canada |c1993. |
| 300 | |a33p. : |breferences ; |c28 cm. |
| 490 | 1 |aCanadian technical report of fisheries and aquatic sciences|x0706-6457|v1927 |
| 500 | |aPrepared in the Science Branch, Department of Fisheries and Oceans, P.O. Box 5667, St John's, Newfoundland A1C 5X1. |
| 546 | |aRésumés en français |
| 563 | |aSoftcover |
| 690 | 07|aSeals|2gcpds |
| 720 | 1 |aCadigan, N. G. |
| 720 | 1 |aShelton, Peter A. |
| 776 | 0#|tSAS programs for fitting a seal population dynamics model / |w(CaOODSP)9.573858 |
| 830 | #0|aCanadian technical report of fisheries and aquatic sciences,|x0706-6457|v1927|w(CaOODSP)9.514691 |